Sports Quiz

Random Sports Quiz
Score 0/44 Timer 10:00
0 Plays Today
% Correct
Zack Greinke
100%
Paul Goldschmidt
95.5%
Randy Johnson
95%
Randy Johnson
95%
Randy Johnson
95%
Randy Johnson
95%
Randy Johnson
95%
Paul Goldschmidt
92.3%
Zack Greinke
92.3%
Paul Goldschmidt
92.2%
Paul Goldschmidt
91.8%
Paul Goldschmidt
91.4%
Paul Goldschmidt
90.6%
Luis Gonzalez
86.8%
Luis Gonzalez
86.8%
Curt Schilling
86.8%
Luis Gonzalez
86.8%
Luis Gonzalez
86.8%
Luis Gonzalez
86.8%
Zack Greinke
86.4%
Brandon Webb
81%
Brandon Webb
81%
% Correct
Brandon Webb
81%
Miguel Montero
77.7%
Justin Upton
76.9%
Justin Upton
76.9%
Jake Lamb
72.7%
Miguel Montero
71.4%
Patrick Corbin
69.2%
Robbie Ray
68.2%
Steve Finley
66.9%
Chris Young
64.5%
A. J. Pollock
62.3%
Jay Bell
62%
Damian Miller
53.7%
Patrick Corbin
52.9%
Jose Valverde
52.1%
Orlando Hudson
52.1%
Dan Haren
52.1%
Dan Haren
52.1%
Matt Williams
50.4%
Byung-Hyun Kim
45.5%
Junior Spivey
43.8%
Wade Miley
34.7%

You're not logged in!

Compare scores with friends on all Sporcle quizzes.
OR
Log In

Sporcle TV

Today on Sporcle TV


Watch our educational content, quiz creation guides, and fun videos on Sporcle TV.

Show Comments

Extras

Top Quizzes Today


Score Distribution

Paid Content

Your Account Isn't Verified!

In order to create a playlist on Sporcle, you need to verify the email address you used during registration. Go to your Sporcle Settings to finish the process.

Report this User

Report this user for behavior that violates our Community Guidelines.

Details: